Globalizácia spoločenských procesov. 1
Globalizácia celospoločenských procesov a jej dôsledky pre ďalší ekonomický rozvoj. Očakávaný vzrast konkurencie na svetových trhoch. Zlaďovanie národných záujmov so svetovými. Orientácia na globálny politicko-ekonomický priestor.
Salvato in:
| Autore principale: | |
|---|---|
| Natura: | Capitolo di libro |
| Lingua: | slovacco |
| Soggetti: | |
| Tags: |
Nessun Tag, puoi essere il primo ad aggiungerne!!
|
MARC
| LEADER | 00000naa a2200000 4500 | ||
|---|---|---|---|
| 001 | r022348 | ||
| 005 | 20230801104339.3 | ||
| 041 | 0 | |a slo | |
| 044 | |a SK | ||
| 245 | 1 | 0 | |a Globalizácia spoločenských procesov. 1 |c A. Bonko |
| 520 | |a Globalizácia celospoločenských procesov a jej dôsledky pre ďalší ekonomický rozvoj. Očakávaný vzrast konkurencie na svetových trhoch. Zlaďovanie národných záujmov so svetovými. Orientácia na globálny politicko-ekonomický priestor. | ||
| 610 | 2 | 0 | |a trh svetový |
| 610 | 2 | 0 | |a globalizácia |
| 610 | 2 | 0 | |a procesy sociálne |
| 610 | 2 | 0 | |a rozvoj hospodársky |
| 610 | 2 | 0 | |a konkurencieschopnosť |
| 100 | 1 | |a Bonko, A. | |